<?xml version="1.0" encoding="UTF-8"?>
<record
    xmlns:xsi="http://www.w3.org/2001/XMLSchema-instance"
    xsi:schemaLocation="http://www.loc.gov/MARC21/slim http://www.loc.gov/standards/marcxml/schema/MARC21slim.xsd"
    xmlns="http://www.loc.gov/MARC21/slim">

  <leader>01952njm a2200409Ia 4500</leader>
  <controlfield tag="001">20590</controlfield>
  <controlfield tag="003">IT-RoPAU</controlfield>
  <controlfield tag="005">20220918181129.0</controlfield>
  <controlfield tag="008">131025s9999    xx            000 0 und d</controlfield>
  <datafield tag="040" ind1=" " ind2=" ">
    <subfield code="a">IT-RoPAU</subfield>
  </datafield>
  <datafield tag="040" ind1=" " ind2=" ">
    <subfield code="c">IT-RoPAU</subfield>
  </datafield>
  <datafield tag="999" ind1=" " ind2=" ">
    <subfield code="c">100463</subfield>
    <subfield code="d">100463</subfield>
  </datafield>
  <datafield tag="999" ind1=" " ind2=" ">
    <subfield code="b">n.d.</subfield>
  </datafield>
  <datafield tag="100" ind1=" " ind2=" ">
    <subfield code="a">Esposito Tony</subfield>
    <subfield code="9">2244</subfield>
  </datafield>
  <datafield tag="100" ind1=" " ind2=" ">
    <subfield code="e">Autore musica</subfield>
    <subfield code="9">2245</subfield>
  </datafield>
  <datafield tag="100" ind1=" " ind2=" ">
    <subfield code="g">Codice autore musica SPICS:  1121</subfield>
    <subfield code="9">2246</subfield>
  </datafield>
  <datafield tag="245" ind1=" " ind2=" ">
    <subfield code="a">Tamburo (Lp Blu 19611)</subfield>
  </datafield>
  <datafield tag="250" ind1=" " ind2=" ">
    <subfield code="a">1a ed.</subfield>
  </datafield>
  <datafield tag="260" ind1=" " ind2=" ">
    <subfield code="a">ITALIA</subfield>
  </datafield>
  <datafield tag="260" ind1=" " ind2=" ">
    <subfield code="b">BUBBLE RECORD</subfield>
    <subfield code="c">1982 [1a Ed.:1982 - Ed. Lingua Orig.: 1982]</subfield>
  </datafield>
  <datafield tag="300" ind1=" " ind2=" ">
    <subfield code="a">DISCO</subfield>
  </datafield>
  <datafield tag="300" ind1=" " ind2=" ">
    <subfield code="c">45 minuti (Testo:  pag.)</subfield>
  </datafield>
  <datafield tag="500" ind1=" " ind2=" ">
    <subfield code="a">Musica strumentale.</subfield>
  </datafield>
  <datafield tag="505" ind1=" " ind2=" ">
    <subfield code="a">Je-N&#xE0; - Danza dell'acqua - Controra - Dune - Camminando (5:00) - Limbo rock (4:00) - Il giorno e la notte (5:00) - Pagaia (5:00) - Pata pata (4:00) - Jesce sole (5:00) - Caravan (3:00)</subfield>
  </datafield>
  <datafield tag="511" ind1=" " ind2=" ">
    <subfield code="a">Esposito Tony</subfield>
  </datafield>
  <datafield tag="650" ind1=" " ind2=" ">
    <subfield code="a">STRUMENTALE [DISCHI]</subfield>
    <subfield code="e">Codice MATERIA SPICS: 9950</subfield>
    <subfield code="9">828</subfield>
  </datafield>
  <datafield tag="700" ind1=" " ind2=" ">
    <subfield code="a">Esposito Tony</subfield>
    <subfield code="g">Codice autore testo/musica SPICS: 1121</subfield>
    <subfield code="e">Autore testo/musica</subfield>
    <subfield code="9">2247</subfield>
  </datafield>
  <datafield tag="700" ind1=" " ind2=" ">
    <subfield code="a">Bennato Eugenio</subfield>
    <subfield code="g">Codice autore SPICS: 10753</subfield>
    <subfield code="e">Autore</subfield>
    <subfield code="p">Camminando</subfield>
    <subfield code="9">2248</subfield>
  </datafield>
  <datafield tag="700" ind1=" " ind2=" ">
    <subfield code="a">Sheldon J.</subfield>
    <subfield code="g">Codice autore musica SPICS: 23064</subfield>
    <subfield code="e">Autore musica</subfield>
    <subfield code="p">Limbo rock</subfield>
    <subfield code="9">2249</subfield>
  </datafield>
  <datafield tag="700" ind1=" " ind2=" ">
    <subfield code="a">Strange W.</subfield>
    <subfield code="g">Codice autore testo/musica SPICS: 15890</subfield>
    <subfield code="e">Autore testo/musica</subfield>
    <subfield code="p">Limbo rock</subfield>
    <subfield code="9">2250</subfield>
  </datafield>
  <datafield tag="700" ind1=" " ind2=" ">
    <subfield code="a">Laccone Sergio</subfield>
    <subfield code="g">Codice autore testo/musica SPICS: 20741</subfield>
    <subfield code="e">Autore testo/musica</subfield>
    <subfield code="p">Il giorno e la notte</subfield>
    <subfield code="9">2251</subfield>
  </datafield>
  <datafield tag="700" ind1=" " ind2=" ">
    <subfield code="a">Licastro Remo</subfield>
    <subfield code="g">Codice autore musica SPICS: 18808</subfield>
    <subfield code="e">Autore musica</subfield>
    <subfield code="p">Pagaia - Jesce sole</subfield>
    <subfield code="9">2252</subfield>
  </datafield>
  <datafield tag="700" ind1=" " ind2=" ">
    <subfield code="a">Makeba Miriam</subfield>
    <subfield code="g">Codice autore musica SPICS: 23068</subfield>
    <subfield code="e">Autore musica</subfield>
    <subfield code="p">Pata pata</subfield>
    <subfield code="9">2253</subfield>
  </datafield>
  <datafield tag="700" ind1=" " ind2=" ">
    <subfield code="a">Ragovoy J.</subfield>
    <subfield code="g">Codice autore SPICS: 23069</subfield>
    <subfield code="e">Autore</subfield>
    <subfield code="p">Pata pata</subfield>
    <subfield code="9">2254</subfield>
  </datafield>
  <datafield tag="700" ind1=" " ind2=" ">
    <subfield code="a">Fera F.</subfield>
    <subfield code="g">Codice autore testo/musica SPICS: 23070</subfield>
    <subfield code="e">Autore testo/musica</subfield>
    <subfield code="p">Jesce sole</subfield>
    <subfield code="9">2255</subfield>
  </datafield>
  <datafield tag="700" ind1=" " ind2=" ">
    <subfield code="a">Ellington Duke</subfield>
    <subfield code="g">Codice autore musica SPICS: 13023</subfield>
    <subfield code="e">Autore musica</subfield>
    <subfield code="p">Caravan</subfield>
    <subfield code="9">2256</subfield>
  </datafield>
  <datafield tag="942" ind1=" " ind2=" ">
    <subfield code="c">MD</subfield>
    <subfield code="2">ddc</subfield>
  </datafield>
  <datafield tag="952" ind1=" " ind2=" ">
    <subfield code="0">0</subfield>
    <subfield code="1">0</subfield>
    <subfield code="4">0</subfield>
    <subfield code="6">20590_000000000000000</subfield>
    <subfield code="7">1</subfield>
    <subfield code="a">SPICS</subfield>
    <subfield code="b">SPICS</subfield>
    <subfield code="d">2013-10-25</subfield>
    <subfield code="l">0</subfield>
    <subfield code="o">20590</subfield>
    <subfield code="r">2013-10-25 00:00:00</subfield>
    <subfield code="w">2013-10-25</subfield>
    <subfield code="y">MD</subfield>
    <subfield code="z">Progr. Ins.: 3897 / N.Vol.: 1 / Copie: 1 - Copia rara: n.d. / date import: 01.01.2014 - By Epidotti, Trombetti, Vaglietti</subfield>
  </datafield>
</record>
